000 00422 a2200169 4500
020 _a0030333288
022 _a9780030333286
082 _a658.15
090 _c6716
_d6716
100 _aBrigham,Eugene F.
245 _aIntermediate Financial Management.
_cEugene F.Brigham
250 _a7th.
260 _aSingapore.
_bSouth-Western
_c2002.
300 _a988p.
500 _aHard cover
942 _aNBS
_cBK
_k658.15 BRI
999 _c349066
_d349066